[Event "IND-ch U11 Girls 30th"]
[Site "India"]
[Date "2016.07.04"]
[Round "9"]
[White "Vishwa, Vasnawala"]
[Black "Ramgude, Nishigandha"]
[Result "1/2-1/2"]
[WhiteElo "1258"]
[BlackElo "1193"]
[PlyCount "120"]
[EventDate "2016.06.28"]
[EventType "swiss"]
[EventRounds "11"]
[EventCountry "IND"]
[SourceTitle "CBM 173 Extra"]
[Source "ChessBase"]
[SourceDate "2016.08.29"]
[SourceVersion "1"]
[SourceVersionDate "2016.08.29"]
[SourceQuality "1"]

1. e4 c5 2. c3 g6 3. d4 cxd4 4. cxd4 d5 5. e5 Bg7 6. Nc3 Nh6 7. h3 0-0 8. Nf3 Nc6 9. Bb5 Bf5 10. 0-0 Rc8 11. Bg5 f6 12. exf6 exf6 13. Be3 Kh8 14. Re1 Nb4 15. Rc1 a6 16. Bf1 Nf7 17. a3 Nc6 18. Qb3 Qd7 19. Qxd5 Qxd5 20. Nxd5 Be4 21. Nc3 Bxf3 22. gxf3 Rcd8 23. Red1 f5 24. d5 Nce5 25. f4 Nd7 26. Bd4 Bxd4 27. Rxd4 Nd6 28. f3 Nc5 29. Re1 Rfe8 30. Rdd1 Kg7 31. b4 Nd7 32. Na4 Rc8 33. Rxe8 Nxe8 34. Re1 Nef6 35. Re3 Nxd5 36. Rd3 N5f6 37. Nc3 Nb6 38. Ne2 Rc4 39. Rd4 Rxd4 40. Nxd4 Nbd5 41. Ne6+ Kg8 42. Bc4 b5 43. Bb3 Kh8 44. Bxd5 Nxd5 45. Kf2 Kg8 46. Kg3 h6 47. Nc5 Nc7 48. Kf2 Kf7 49. h4 Ke7 50. Ke2 Kd6 51. Kd2 Kc6 52. Kd3 Kd5 53. Kc3 Ne6 54. Nxe6 Kxe6 55. Kc2 Kd5 56. Kd3 h5 57. Kc3 Kc6 58. Kd4 Kd6 59. Kc3 Kd5 60. Kd3 Kc6 1/2-1/2

[Event "IND-ch U11 Girls 30th"]
[Site "India"]
[Date "2016.06.29"]
[Round "2"]
[White "Ramgude, Nishigandha"]
[Black "Rishita, Sinha"]
[Result "1-0"]
[WhiteElo "1193"]
[BlackElo "1417"]
[PlyCount "123"]
[EventDate "2016.06.28"]
[EventType "swiss"]
[EventRounds "11"]
[EventCountry "IND"]
[SourceTitle "CBM 173 Extra"]
[Source "ChessBase"]
[SourceDate "2016.08.29"]
[SourceVersion "1"]
[SourceVersionDate "2016.08.29"]
[SourceQuality "1"]

1. e4 c5 2. Nc3 Nc6 3. f4 d6 4. Nf3 Nf6 5. Bb5 a6 6. Bxc6+ bxc6 7. 0-0 g6 8. d3 Bg7 9. Qe2 0-0 10. h3 Rb8 11. Re1 Bb7 12. e5 dxe5 13. fxe5 Nd5 14. Qf2 Nxc3 15. bxc3 Qa5 16. c4 f6 17. Bd2 Qa3 18. Bf4 fxe5 19. Bxe5 Rbe8 20. Bxg7 Kxg7 21. Re5 Qb2 22. Rae1 Rf7 23. Qxc5 Qxc2 24. Rxe7 Rexe7 25. Rxe7 Qc1+ 26. Kh2 Qf4+ 27. Kh1 Qc1+ 28. Ng1 Qf4 29. Qe5+ Qxe5 30. Rxe5 Rd7 31. Nf3 Kf6 32. d4 h5 33. g4 hxg4 34. hxg4 g5 35. Rxg5 Rg7 36. Rxg7 Kxg7 37. Kg2 Kg6 38. Ne5+ Kf6 39. Kg3 Kg5 40. a4 a5 41. c5 Kf6 42. Kf4 Ke6 43. g5 Kd5 44. g6 Bc8 45. Kg5 Be6 46. Nf7 Kxd4 47. Kf6 Bd5 48. g7 Bxf7 49. Kxf7 Kxc5 50. g8Q Kb4 51. Qe8 Kxa4 52. Qxc6+ Kb4 53. Qb6+ Ka4 54. Ke6 Ka3 55. Qxa5+ Kb3 56. Qc5 Kb2 57. Qc4 Kb1 58. Qe2 Kc1 59. Kd5 Kb1 60. Kc4 Ka1 61. Kb3 Kb1 62. Qb2# 1-0